[Event "Plovdiv Tringov Memorial 45th"]
[Site "Plovdiv"]
[Date "2023.08.09"]
[Round "5"]
[White "Avramov, Anton"]
[Black "Danov, Valentin"]
[Result "1/2-1/2"]
[WhiteElo "2174"]
[BlackElo "1896"]
[PlyCount "31"]
[EventDate "2023.08.06"]
[EventType "swiss"]
[EventRounds "9"]
[EventCountry "BUL"]
[SourceTitle "EXT 2024"]
[Source "ChessBase"]
[SourceDate "2023.10.10"]
[SourceVersion "1"]
[SourceVersionDate "2023.10.10"]
[SourceQuality "1"]

1. Nf3 c5 2. g3 g6 3. Bg2 Bg7 4. 0-0 Nc6 5. d3 e5 6. Nbd2 Nge7 7. e4 0-0 8. Nc4 d6 9. Ne3 Rb8 10. Nh4 f5 11. exf5 gxf5 12. Nd5 Be6 13. Bg5 Qd7 14. Nxe7+ Nxe7 15. Qd2 Ng6 16. c3 1/2-1/2

[Event "BUL-chT-B 62nd"]
[Site "Sunny Beach"]
[Date "2012.09.21"]
[Round "3.5"]
[White "Stoynov, Ivan"]
[Black "Avramov, Anton"]
[Result "0-1"]
[WhiteElo "2305"]
[BlackElo "2188"]
[PlyCount "64"]
[EventDate "2012.09.19"]
[EventType "team-swiss"]
[EventRounds "7"]
[EventCountry "BUL"]
[SourceTitle "CBM 150 Extra"]
[Source "ChessBase"]
[SourceDate "2012.10.19"]
[SourceVersion "1"]
[SourceVersionDate "2012.10.19"]
[SourceQuality "1"]
[WhiteTeam "Sofia Slavia"]
[BlackTeam "Shumen 2005"]
[WhiteTeamCountry "BUL"]
[BlackTeamCountry "BUL"]

1. e4 d6 2. g3 e5 3. Bg2 Nf6 4. Ne2 Be7 5. 0-0 0-0 6. Nbc3 c6 7. d4 Nbd7 8. h3 Re8 9. g4 Bf8 10. Ng3 exd4 11. Qxd4 Ne5 12. b3 Ng6 13. Nf5 Qa5 14. Bg5 Nd7 15. Be3 Nb6 16. Rfd1 Be6 17. Ne2 d5 18. Neg3 dxe4 19. Bxe4 Nd5 20. Bd2 Qc7 21. Nh5 Bxf5 22. gxf5 Ngf4 23. Bxd5 Ne2+ 24. Kh1 Nxd4 25. Rg1 Nxf5 26. Nf6+ Kh8 27. Nxe8 Rxe8 28. Bf3 Nh4 29. Bg4 f5 30. Bh5 g6 31. Bg5 Qe5 32. Bxh4 Qe4+ 0-1

[Event "BUL-chT-B 62nd"]
[Site "Sunny Beach"]
[Date "2012.09.19"]
[Round "1.4"]
[White "Avramov, Anton"]
[Black "Yotov, Yoto"]
[Result "1-0"]
[WhiteElo "2188"]
[BlackElo "2043"]
[PlyCount "71"]
[EventDate "2012.09.19"]
[EventType "team-swiss"]
[EventRounds "7"]
[EventCountry "BUL"]
[SourceTitle "CBM 150 Extra"]
[Source "ChessBase"]
[SourceDate "2012.10.19"]
[SourceVersion "1"]
[SourceVersionDate "2012.10.19"]
[SourceQuality "1"]
[WhiteTeam "Shumen 2005"]
[BlackTeam "Lovech"]
[WhiteTeamCountry "BUL"]
[BlackTeamCountry "BUL"]

1. d4 d5 2. c4 c6 3. Nf3 Nf6 4. g3 g6 5. Bg2 Bg7 6. Nbd2 0-0 7. 0-0 Nbd7 8. Qc2 Re8 9. Rd1 e6 10. e4 Nxe4 11. Nxe4 dxe4 12. Qxe4 Qe7 13. Ne5 f6 14. Nxd7 Bxd7 15. Bd2 Rad8 16. Bc3 Bc8 17. Qe3 Qc7 18. Rac1 b6 19. b4 Bb7 20. Bb2 f5 21. Qb3 Ba8 22. a4 c5 23. Bxa8 Rxa8 24. dxc5 bxc5 25. Bxg7 Kxg7 26. bxc5 Rad8 27. Qb5 Re7 28. c6 Kf7 29. Qc5 Rc8 30. Rd6 Qb6 31. Qb5 Rec7 32. a5 Qb8 33. Rd7+ Rxd7 34. cxd7 Rd8 35. Qxb8 Rxb8 36. c5 1-0

[Event "BUL-chT2"]
[Site "Albena"]
[Date "2011.06.04"]
[Round "4.5"]
[White "Kamenov, Valentin"]
[Black "Avramov, Anton"]
[Result "0-1"]
[WhiteElo "1813"]
[BlackElo "2193"]
[PlyCount "58"]
[EventDate "2011.06.02"]
[EventType "team-tourn"]
[EventRounds "9"]
[EventCountry "BUL"]
[SourceTitle "CBM 142 Extra"]
[Source "ChessBase"]
[SourceDate "2011.06.27"]
[SourceVersion "1"]
[SourceVersionDate "2011.06.27"]
[SourceQuality "1"]
[WhiteTeam "Vratsa"]
[BlackTeam "Shumen 2005"]
[WhiteTeamCountry "BUL"]
[BlackTeamCountry "BUL"]

1. e4 d6 2. d4 Nf6 3. Nc3 c6 4. Nf3 Bg4 5. h3 Bh5 6. g4 Bg6 7. Bd3 e6 8. Qe2 d5 9. Bg5 Be7 10. e5 Nfd7 11. Bxe7 Qxe7 12. 0-0-0 a6 13. h4 c5 14. dxc5 Nc6 15. h5 Bxd3 16. cxd3 Qxc5 17. d4 Qa5 18. Nd2 Nxd4 19. Qe3 Nc6 20. Nb3 Qb6 21. Qg5 0-0 22. h6 g6 23. Ne4 Qc7 24. Rhe1 Ncxe5+ 25. Kb1 dxe4 26. Rxe4 Rac8 27. Qd2 Nc5 28. Nxc5 Qxc5 29. f4 Nxg4 0-1

[Event "BUL-chT 59th"]
[Site "Sunny Beach"]
[Date "2009.05.13"]
[Round "6.2"]
[White "Avramov, Anton"]
[Black "Milchev, Nikolay"]
[Result "1/2-1/2"]
[WhiteElo "2186"]
[BlackElo "2346"]
[PlyCount "153"]
[EventDate "2009.05.08"]
[EventType "team-tourn"]
[EventRounds "7"]
[EventCountry "BUL"]
[SourceTitle "CBM 130 Extra"]
[Source "ChessBase"]
[SourceDate "2009.07.02"]
[SourceVersion "2"]
[SourceVersionDate "2009.07.15"]
[SourceQuality "1"]
[WhiteTeam "Shumen 2005"]
[BlackTeam "Plovdiv Lokomotiv"]
[WhiteTeamCountry "BUL"]
[BlackTeamCountry "BUL"]

1. d4 d5 2. c4 Nc6 3. Nc3 dxc4 4. d5 Ne5 5. Nf3 Nxf3+ 6. exf3 e5 7. Bxc4 a6 8. 0-0 Bd6 9. Re1 Ne7 10. f4 exf4 11. Qf3 0-0 12. Bxf4 Ng6 13. Bg3 Nh4 14. Qe4 Nf5 15. Bd3 g6 16. Bxd6 Qxd6 17. Qe5 Rd8 18. Rac1 Bd7 19. Qxd6 Nxd6 20. Ne4 Ne8 21. Nc5 Bc8 22. Be4 Rb8 23. Bf3 Kf8 24. Nb3 b6 25. Nd4 Bd7 26. Nc6 Bxc6 27. Rxc6 Rd6 28. Rc2 Rbd8 29. g3 R8d7 30. Kg2 Re7 31. Rec1 h5 32. b4 g5 33. h3 g4 34. hxg4 hxg4 35. Bxg4 Rxd5 36. Bf3 Rd4 37. a3 Rd3 38. Rc3 Rxc3 39. Rxc3 Nd6 40. Bc6 f5 41. Kf3 Kf7 42. g4 Kf6 43. Kf4 fxg4 44. Kxg4 Rg7+ 45. Kf4 Rh7 46. Kg4 Ke5 47. Rd3 Rg7+ 48. Kf3 Rf7+ 49. Ke2 Rf4 50. Rd5+ Kf6 51. Rd3 Rh4 52. Bd5 Ke5 53. Ba2 Nb5 54. a4 Nd4+ 55. Kd2 Nc6 56. Re3+ Kd6 57. Rd3+ Ke7 58. Re3+ Kd8 59. Rd3+ Ke8 60. Re3+ Kd8 61. Rd3+ Ke7 62. Re3+ Kd6 63. Rd3+ Ke5 64. Re3+ Re4 65. Rxe4+ Kxe4 66. Kc3 a5 67. bxa5 Nxa5 68. Kb4 Kf3 69. Kb5 Kxf2 70. Ka6 Ke3 71. Ka7 Kd4 72. Kb8 c6 73. Ka7 Kc5 74. Ka6 Kb4 75. Kxb6 c5 76. Bd5 c4 77. Bxc4 1/2-1/2

[Event "BUL-chT 55th"]
[Site "Sunny Beach"]
[Date "2005.09.27"]
[Round "2.3"]
[White "Avramov, Anton"]
[Black "Janev, Evgeni"]
[Result "0-1"]
[WhiteElo "2214"]
[BlackElo "2460"]
[PlyCount "88"]
[EventDate "2005.09.26"]
[EventType "team-swiss"]
[EventRounds "7"]
[EventCountry "BUL"]
[SourceTitle "CBM 108 Extra"]
[Source "ChessBase"]
[SourceDate "2005.11.04"]
[SourceVersion "1"]
[SourceVersionDate "2005.11.04"]
[SourceQuality "1"]
[WhiteTeam "Shumen 2005"]
[BlackTeam "Burgas Lukoil-Neftohimik"]
[WhiteTeamCountry "BUL"]
[BlackTeamCountry "BUL"]

1. d4 d6 2. e4 g6 3. g3 Bg7 4. Bg2 Nf6 5. Ne2 0-0 6. 0-0 c6 7. h3 Nbd7 8. Nbc3 e5 9. Be3 Qe7 10. Qd2 b5 11. a3 Bb7 12. Rad1 Nb6 13. b3 Rfe8 14. f3 Rad8 15. Qc1 Qc7 16. Rfe1 a6 17. Bf2 c5 18. dxc5 dxc5 19. a4 Qc6 20. Rxd8 Rxd8 21. Rd1 Ra8 22. a5 Nbd7 23. Nd5 Nxd5 24. Rxd5 Qc7 25. Rd1 Nf8 26. c3 Ne6 27. Qa1 Bf8 28. Nc1 Be7 29. Nd3 Rd8 30. b4 cxb4 31. Bb6 Qxc3 32. Bxd8 Bxd8 33. Nxe5 Bf6 34. Qxc3 bxc3 35. Nd3 Nd4 36. Kf1 c2 37. Rc1 Be7 38. Ra1 b4 39. Ke1 b3 40. Kd2 b2 41. Nxb2 Nb3+ 42. Kxc2 Nxa1+ 43. Kd3 Nb3 44. Nc4 Bb4 0-1

[Event "BUL-ch"]
[Site "Shumen"]
[Date "1997.??.??"]
[Round "8"]
[White "Avramov, Anton"]
[Black "Tsvetkov, Ilia"]
[Result "0-1"]
[WhiteElo "2210"]
[BlackElo "2330"]
[PlyCount "138"]
[EventDate "1997.??.??"]
[EventType "swiss"]
[EventRounds "8"]
[EventCountry "BUL"]
[SourceTitle "EXT 1998"]
[Source "ChessBase"]
[SourceDate "1997.11.17"]
[SourceVersion "1"]
[SourceVersionDate "1997.11.17"]
[SourceQuality "1"]

1. c4 e6 2. Nf3 d5 3. Nc3 Nf6 4. e3 c6 5. Be2 Nbd7 6. 0-0 dxc4 7. Bxc4 b5 8. Be2 a6 9. b3 Bb7 10. Bb2 Be7 11. d4 0-0 12. Rc1 Rc8 13. Bd3 c5 14. Qe2 cxd4 15. exd4 Nb6 16. Ng5 Nbd5 17. Nh3 Nxc3 18. Rxc3 Rxc3 19. Bxc3 Qd6 20. Bb2 Rc8 21. Rd1 Bd8 22. Qe5 Bc7 23. Nf4 Ng4 24. Qxd6 Bxd6 25. g3 Bxf4 26. gxf4 g6 27. d5 Bxd5 28. h3 Nh6 29. Kh2 f5 30. Kg3 Kf7 31. f3 Ng8 32. Kf2 Nf6 33. Rc1 Rxc1 34. Bxc1 Bb7 35. Bb2 Nd5 36. Be5 Nb4 37. Bb1 Bd5 38. Bc3 Nc6 39. Bd3 Ke7 40. Ke3 Kd6 41. Be2 Kc5 42. Bg7 Kb4 43. Bb2 a5 44. Bd1 a4 45. a3+ Kc5 46. bxa4 b4 47. axb4+ Kxb4 48. Bg7 Bb3 49. Bf8+ Kxa4 50. Be2 Bd5 51. Bc5 Kb3 52. Bb5 Nb4 53. Kd4 Nc2+ 54. Ke5 Ne1 55. Be2 Kc3 56. Be3 Ng2 57. Bc1 Kc2 58. Ba3 Kd2 59. Bf1 Nh4 60. Kf6 Ke3 61. Bd6 Kf2 62. Bb5 Kxf3 63. Kg5 Kg3 64. Bf1 h5 65. Bc7 Bg2 66. Bxg2 Nxg2 67. Kxg6 h4 68. Kf6 Kxh3 69. Kxe6 Kg4 0-1

[Event "BUL-ch"]
[Site "Shumen"]
[Date "1997.??.??"]
[Round "7"]
[White "Vaklinov, Atanas"]
[Black "Avramov, Anton"]
[Result "1/2-1/2"]
[WhiteElo "2015"]
[BlackElo "2210"]
[PlyCount "27"]
[EventDate "1997.??.??"]
[EventType "swiss"]
[EventRounds "8"]
[EventCountry "BUL"]
[SourceTitle "EXT 1998"]
[Source "ChessBase"]
[SourceDate "1997.11.17"]
[SourceVersion "1"]
[SourceVersionDate "1997.11.17"]
[SourceQuality "1"]

1. Nf3 Nf6 2. g3 d5 3. Bg2 Nc6 4. 0-0 e5 5. d4 exd4 6. Nxd4 Ne5 7. Bf4 Ng6 8. Bg5 Be7 9. Nc3 c6 10. e4 dxe4 11. Nxe4 0-0 12. Nxf6+ Bxf6 13. Bxf6 Qxf6 14. c3 1/2-1/2

[Event "Bankia tt"]
[Site "Bankia"]
[Date "1992.??.??"]
[Round "4"]
[White "Avramov, Anton"]
[Black "Stoinev, Metodi"]
[Result "0-1"]
[WhiteElo "2255"]
[BlackElo "2380"]
[PlyCount "92"]
[EventDate "1992.??.??"]
[EventType "team"]
[EventRounds "7"]
[EventCountry "BUL"]
[SourceTitle "EXT 1997"]
[Source "ChessBase"]
[SourceDate "1996.11.15"]
[SourceVersion "1"]
[SourceVersionDate "1996.11.15"]
[SourceQuality "1"]

1. d4 d5 2. c4 c6 3. Nf3 Nf6 4. Nc3 dxc4 5. a4 Bf5 6. e3 e6 7. Bxc4 Bb4 8. 0-0 Nbd7 9. Qe2 Bg6 10. Rd1 0-0 11. Bd2 a5 12. Be1 Qe7 13. Bd3 e5 14. dxe5 Nxe5 15. Nxe5 Qxe5 16. f3 Bxd3 17. Rxd3 Rfe8 18. Rad1 h6 19. Bg3 Qc5 20. Bf2 Qc4 21. Rd4 Qb3 22. R1d3 Qe6 23. Rd1 Bc5 24. R4d3 Qc4 25. R1d2 Rac8 26. Qd1 Qe6 27. Ne2 Bb4 28. Rc2 c5 29. Nf4 Qc6 30. b3 b5 31. Rd6 Qb7 32. axb5 Qxb5 33. Rxf6 gxf6 34. Nh5 Re6 35. Bh4 Qa6 36. Qa1 Qd3 37. Rf2 Bc3 38. Qa4 Rd8 39. h3 Qf5 40. g4 Qb1+ 41. Kg2 Rd1 42. Qb5 Rh1 43. Kg3 Rg1+ 44. Kh2 Be5+ 45. f4 Rh1+ 46. Kg3 Bd4 0-1

[Event "BUL-chT"]
[Site "Bankia"]
[Date "1991.??.??"]
[Round "5"]
[White "Avramov, Anton"]
[Black "Dobrev, Nanko"]
[Result "1/2-1/2"]
[WhiteElo "2255"]
[BlackElo "2395"]
[PlyCount "116"]
[EventDate "1991.??.??"]
[EventType "team"]
[EventRounds "8"]
[EventCountry "BUL"]
[SourceTitle "EXT 1998"]
[Source "ChessBase"]
[SourceDate "1997.11.17"]
[SourceVersion "1"]
[SourceVersionDate "1997.11.17"]
[SourceQuality "1"]

1. Nf3 Nf6 2. c4 e6 3. g3 d5 4. Bg2 c5 5. 0-0 Nc6 6. cxd5 exd5 7. d4 Be7 8. Nc3 0-0 9. Bg5 cxd4 10. Nxd4 h6 11. Be3 Re8 12. Nxc6 bxc6 13. Na4 Ba6 14. Bf3 Qd7 15. Rc1 Rab8 16. Bc5 Qh3 17. Bxe7 Rxe7 18. Rxc6 Bb5 19. Rc5 Ng4 20. Bxg4 Qxg4 21. Nc3 Bxe2 22. Nxe2 Qxe2 23. Rc2 Qe5 24. b3 d4 25. Qd3 Rd8 26. Rd1 Qa5 27. a4 Re1+ 28. Rxe1 Qxe1+ 29. Kg2 a5 30. Re2 Qb4 31. Qb5 Qxb5 32. axb5 Rd5 33. b6 Rb5 34. Ra2 d3 35. Kf3 d2 36. Rxd2 Rxb3+ 37. Ke4 Rxb6 38. Rd8+ Kh7 39. Ra8 Rb5 40. h4 Kg6 41. Ra6+ Kh5 42. Ra7 Kg6 43. Ra6+ f6 44. Ra7 Rb4+ 45. Ke3 a4 46. h5+ Kf5 47. Kf3 Rb3+ 48. Kg2 a3 49. Rxg7 Ke4 50. Ra7 Kd4 51. Kh3 f5 52. Ra6 Kc5 53. Rxh6 Rb6 54. Rh8 Ra6 55. Rc8+ Kd5 56. Rc1 a2 57. Ra1 Ke5 58. Kh4 Kf6 1/2-1/2

[Event "BUL-chT"]
[Site "Bankia"]
[Date "1991.??.??"]
[Round "2"]
[White "Peev, Peicho Chonev"]
[Black "Avramov, Anton"]
[Result "1-0"]
[WhiteElo "2400"]
[BlackElo "2255"]
[PlyCount "73"]
[EventDate "1991.??.??"]
[EventType "team"]
[EventRounds "8"]
[EventCountry "BUL"]
[SourceTitle "EXT 1998"]
[Source "ChessBase"]
[SourceDate "1997.11.17"]
[SourceVersion "1"]
[SourceVersionDate "1997.11.17"]
[SourceQuality "1"]

1. Nf3 d6 2. d4 Nf6 3. c4 g6 4. Nc3 Bg7 5. Bg5 0-0 6. Qd2 Nc6 7. Rd1 Bg4 8. d5 Ne5 9. Nxe5 dxe5 10. h3 Bd7 11. g3 Ne8 12. e4 f5 13. exf5 gxf5 14. Bg2 Nf6 15. 0-0 Qe8 16. Rfe1 Nh5 17. Qe2 h6 18. Bh4 e4 19. Kh2 Qf7 20. Qd2 a6 21. f3 Rae8 22. f4 Qg6 23. Ne2 c5 24. Qe3 b6 25. Rd2 Qd6 26. Rf1 b5 27. b4 Rc8 28. bxc5 Rxc5 29. Bxe7 Qxe7 30. d6 Qf7 31. Qxc5 Rc8 32. Qb6 bxc4 33. Qxa6 c3 34. Rc2 Qd5 35. Rfc1 Rc4 36. Nxc3 Qd3 37. Nxe4 1-0

[Event "BUL-chT"]
[Site "Sofia"]
[Date "1988.??.??"]
[Round "?"]
[White "Avramov, Anton"]
[Black "Danailov, Silvio"]
[Result "1-0"]
[WhiteElo "2320"]
[BlackElo "2415"]
[PlyCount "87"]
[EventDate "1988.??.??"]
[EventType "team"]
[EventRounds "11"]
[EventCountry "BUL"]
[SourceTitle "EXT 2002"]
[Source "ChessBase"]
[SourceDate "2001.11.25"]
[SourceVersion "1"]
[SourceVersionDate "2001.11.25"]
[SourceQuality "1"]

1. d4 Nf6 2. c4 e6 3. Nc3 Bb4 4. Bg5 h6 5. Bh4 c5 6. d5 Bxc3+ 7. bxc3 d6 8. Nf3 e5 9. e3 Qe7 10. Qc2 Nbd7 11. Nd2 e4 12. Be2 g5 13. Bg3 Nf8 14. 0-0 Bf5 15. Rae1 Qd7 16. f3 exf3 17. e4 Bh7 18. Bd3 f2+ 19. Rxf2 Ng4 20. e5 Bxd3 21. exd6+ Kd8 22. Qxd3 Nxf2 23. Qf3 Ng6 24. Qf6+ Kc8 25. Qxf2 b6 26. Ne4 Re8 27. Nf6 Rxe1+ 28. Qxe1 Qd8 29. d7+ Kb7 30. d6 Ka6 31. Nd5 Rb8 32. Nc7+ Ka5 33. Qe8 Nf8 34. Qxf7 Qxd7 35. Qd5 Ng6 36. Qd1 Rf8 37. Nb5 Nf4 38. h3 Rf6 39. Qb3 Ka6 40. Qa4+ Kb7 41. Qxa7+ Kc6 42. Qa8+ Qb7 43. Qe8+ Qd7 44. Qe4+ 1-0